| 000 | 00594nam a2200205Ia 4500 | ||
|---|---|---|---|
| 003 | OSt | ||
| 005 | 20220107122733.0 | ||
| 008 | 130318s9999 xx 000 0 und d | ||
| 020 | _a9780198061847 | ||
| 040 | _cIIITM-K | ||
| 082 | _a005.14 CHA/S;1 | ||
| 100 |
_aChauhan, Naresh _93614 |
||
| 245 |
_aSoftware testing: _bPrinciples and practices _cby Naresh Chauhan |
||
| 260 |
_bOxford University Press, _aNew Delhi, _c2010. |
||
| 300 |
_axii, 611p. _eCD ROM |
||
| 650 |
_aCOMPUTER SCIENCE _93615 |
||
| 650 |
_aSOFTWARE ENGINEERING _93616 |
||
| 650 |
_aSOFTWARE TESTING _93617 |
||
| 942 |
_2ddc _cBK |
||
| 999 |
_c3708 _d3708 |
||